000 01025cad a22002055a 4500
001 L152410
008 110302s2011 xxk f 000 0 eng d
035 _a(Sirsi) u152410
041 0 _aeng
110 2 _aHome Builders Federation
_94896
245 0 0 _aNew housing pipeline
_bQ4 2010 report
_h[electronic resource]
260 _c2011
520 _aReport for fourth quarter of 2010 shows how local authority planning permissions to build new homes continues to head downwards. It is the third successive quarterly fall with just 33 000 homes approved for construction in the last three months of 2010; 9% down on the previous quarter and 22% down on a year ago. Report complied by Glenigan for HBF.
590 _aKA NTK
650 2 4 _aGLENIGAN
651 4 _aUnited Kingdom
690 _aENVIRONMENTAL AND LAND CONSULTANCY-PLANNING AND DEVELOPMENT
856 4 0 _uhttps://www.hbf.co.uk/fileadmin/documents/research/HBF_Report_-_Housing_pipeline_-_Feb_2011.pdf
_zView the item free of charge at www.hbf.co.uk
942 _n0
999 _c112046
_d112046